Every Word in a Doctor Who Title - Statistics

General Stats
  • This quiz has been taken 184 times
    142 since last reset
  • The average score is 276 of 479
Answer Stats
Answer % Correct
A
96%
The
96%
Doctor
94%
An
93%
Of
88%
Dalek
87%
In
87%
Time
87%
Day
85%
Man
85%
Plan
85%
Child
84%
Three
84%
War
84%
And
82%
Cybermen
82%
Earth
82%
Girl
82%
Who
82%
World
82%
Dead
81%
Death
81%
To
81%
Mars
79%
Planet
79%
Rose
79%
Christmas
78%
Doom
78%
End
78%
On
78%
Space
78%
Empty
76%
Impossible
76%
Invasion
76%
Me
76%
Moon
76%
Sontaran
76%
Angels
75%
Fear
75%
Five
75%
Four
75%
Manhattan
75%
Monster
75%
New
75%
Night
75%
Part
75%
Pyramid
75%
Unquiet
75%
Blood
74%
Claw
74%
Dalek's
74%
Daleks
74%
Game
74%
Ghost
74%
Two
74%
Water
74%
Zygon
74%
Black
72%
Blink
72%
Doctor's
72%
Doctors
72%
Experiment
72%
Fire
72%
London
72%
Power
72%
River
72%
Song
72%
Terror
72%
Unearthly
72%
Beast
71%
Dances
71%
Ice
71%
Last
71%
Left
71%
Master
71%
Monsters
71%
Sea
71%
Town
71%
Curse
69%
Deep
69%
Drums
69%
Kill
69%
Lord
69%
Pit
69%
Satan
69%
Sky
69%
Tooth
69%
Aliens
68%
Amy's
68%
Army
68%
Boom
68%
Choice
68%
Doomsday
68%
Eleventh
68%
Face
68%
Fireplace
68%
Heaven
68%
Long
68%
Reunion
68%
Robot
68%
School
68%
Shakespeare
68%
Sound
68%
Turn
68%
Under
68%
Voyage
68%
Bad
66%
Cold
66%
Crime
66%
Devils
66%
Evolution
66%
Forest
66%
Gridlock
66%
Her
66%
Lazarus
66%
Light
66%
Name
66%
One
66%
Parting
66%
Partners
66%
Stone
66%
Take
66%
Astronaut
65%
Below
65%
Code
65%
Damned
65%
Family
65%
Ghosts
65%
Goes
65%
Good
65%
Horror
65%
Human
65%
Idiot's
65%
Journey
65%
Lantern
65%
Love
65%
Nature
65%
Ood
65%
Silver
65%
Snowmen
65%
Steel
65%
Stratagem
65%
Utopia
65%
Ways
65%
Wife
65%
Wolf
65%
Woman
65%
At
63%
Dinosaurs
63%
Father's
63%
Flesh
63%
Library
63%
Midnight
63%
Mysterio
63%
Poison
63%
Pompeii
63%
Rise
63%
Romans
63%
Silence
63%
Smith
63%
Spot
63%
Stolen
63%
Tenth
63%
Victory
63%
Vincent
63%
Wasp
63%
Autons
62%
Battle
62%
Big
62%
Hell
62%
Hitler
62%
Hour
62%
Into
62%
Jones
62%
Listen
62%
Runaway
62%
Unicorn
62%
Vampires
62%
Venice
62%
Waters
62%
Asylum
60%
Bent
60%
Breath
60%
Bride
60%
Daughter
60%
Evil
60%
Fires
60%
God
60%
Let's
60%
Next
60%
Nightmare
60%
Pandorica
60%
Warrior
60%
Carol
59%
Demons
59%
Eve
59%
Falls
59%
Games
59%
Genesis
59%
Husbands
59%
Journey's
59%
Mercy
59%
Opens
59%
Pyramids
59%
Saint
59%
Sent
59%
Star
59%
TARDIS
59%
Thin
59%
Tomb
59%
Waited
59%
Wedding
59%
You
59%
Aztecs
57%
Bang
57%
Complex
57%
Empress
57%
Galaxy
57%
Keys
57%
Marco
57%
More
57%
Polo
57%
Spearhead
57%
Upon
57%
Warrior's
57%
Warriors
57%
Age
56%
Ark
56%
Before
56%
Brain
56%
Caves
56%
Crimson
56%
Dark
56%
Enough
56%
Hide
56%
Lodger
56%
Lords
56%
Marinus
56%
Mind
56%
Rani
56%
Raven
56%
Rings
56%
Sherwood
56%
Twice
56%
Zygons
56%
Androzani
54%
Apprentice
54%
Blue
54%
Claws
54%
Edge
54%
Express
54%
Familiar
54%
Flood
54%
Green
54%
Inversion
54%
John
54%
Magician's
54%
Mummy
54%
No
54%
Orient
54%
Oxygen
54%
Pilot
54%
Return
54%
Rosa
54%
Spiders
54%
Sun
54%
Almost
53%
Axos
53%
Bells
53%
Caretaker
53%
Celestial
53%
Centre
53%
Daemons
53%
Enemy
53%
Extremis
53%
From
53%
Hungry
53%
Knock
53%
Legend
53%
Lie
53%
Lived
53%
Macra
53%
Makers
53%
Mark
53%
Museum
53%
Paradise
53%
People
53%
Pirate
53%
Revelation
53%
Sensorites
53%
Silurians
53%
Sleep
53%
Smile
53%
Terrors
53%
Toymaker
53%
Widow
53%
Wild
53%
Witch's
53%
Akhaten
51%
Android
51%
Arachnids
51%
Chase
51%
Closing
51%
Colony
51%
Destruction
51%
Dilemma
51%
Frontier
51%
Giggle
51%
Highlanders
51%
Inferno
51%
It
51%
Lake
51%
Logopolis
51%
Machines
51%
Meddler
51%
Morbius
51%
Mutants
51%
Pirates
51%
Rebel
51%
Rescue
51%
Revenge
51%
Robber
51%
Seeds
51%
Show
51%
Towers
51%
Twin
51%
Wardrobe
51%
Web
51%
Weng
51%
Wheel
51%
Yonder
51%
Abominable
50%
Arc
50%
Attack
50%
Carnival
50%
Castrovalva
50%
Chiang
50%
Died
50%
Eaters
50%
Fang
50%
Fenric
50%
Flatline
50%
Flux
50%
Full
50%
Greatest
50%
Hand
50%
Kerblam
50%
Kroll
50%
Myth
50%
Peladon
50%
Reign
50%
Smugglers
50%
Spaceship
50%
Survival
50%
Ambassadors
49%
Assassin
49%
Away
49%
Can
49%
Circle
49%
Earthshock
49%
Foe
49%
Fury
49%
Infinity
49%
Kinda
49%
Krotons
49%
Land
49%
Massacre
49%
Moonbase
49%
Nemesis
49%
Ones
49%
Orchid
49%
Robots
49%
Rock
49%
Stones
49%
Takes
49%
Terminus
49%
Undead
49%
Underwater
49%
Children
47%
Crusade
47%
Dominators
47%
Faceless
47%
Flight
47%
Giants
47%
Gunfighters
47%
Hear
47%
Keeper
47%
Meglos
47%
Monument
47%
Punjab
47%
Remembrance
47%
Road
47%
Snakedance
47%
Talons
47%
Traken
47%
UK
47%
Ultimate
47%
Underworld
47%
Vengeance
47%
Villa
47%
Called
46%
Deadly
46%
Decay
46%
Dragonfire
46%
Fell
46%
Invisible
46%
Leisure
46%
Mandragora
46%
Mawdryn
46%
Mission
46%
Operation
46%
Resurrection
46%
Savages
46%
Spyfall
46%
State
46%
Survivors
46%
Timeless
46%
Armageddon
44%
Bannermen
44%
Battlefield
44%
City
44%
Delta
44%
Halloween
44%
Hive
44%
Masque
44%
Menace
44%
Mindwarp
44%
Revolution
44%
Ribos
44%
Ruby
44%
Shada
44%
Tara
44%
Timelash
44%
Trial
44%
Unknown
44%
Varos
44%
Vervoids
44%
Awakening
43%
Church
43%
Creature
43%
Enlightenment
43%
Factor
43%
Frontios
43%
Gate
43%
Happiness
43%
Horns
43%
Image
43%
King's
43%
Nimon
43%
Once
43%
Patrol
43%
Apocalypse
41%
Haunting
41%
Heist
41%
Mysterious
41%
Nikola
41%
Orphan
41%
Tesla's
41%
Fendahl
40%
Visitation
40%
Witchfinders
40%
Bartholomew's
38%
Destiny
38%
Village
38%
Ascension
37%
Resolution
37%
Androids
35%
Conundrum
34%
Eden
34%
Judoon
32%
Praxeus
32%
Av
29%
Sontarans
28%
Fugitive
26%
Kolos
26%
Ranskoor
26%
Tsuranga
25%
Vanquishers
25%
Diodati
21%
No matching quizzes found
Score Distribution
Percent of People with Each Score
Percentile by Number Answered
Your Score History
You have not taken this quiz since the last reset